000 00349nam a2200145 i 4500
001 bg
100 1 _aBORKOWSKI, Józef
245 0 _aZużycie i trwałość ściernic /
_cJ. Borkowski.
260 _aWarszawa,
_c1990.
040 _cBPK
041 _apol
080 _a621.921/.924(075.8)
942 _cKS
008 s pl f |000 0 pol
999 _c4582
_d4582
856 _uhttp://koha.tu.koszalin.pl/cgi-bin/koha/opac-detail.pl?biblionumber=4582
_yKatalog online BPK